| 000 | 01366nam a2200253Ia 4500 | ||
|---|---|---|---|
| 003 | Ost | ||
| 005 | 20260507075541.0 | ||
| 008 | 260507s9999||||xx |||||||||||||| ||und|| | ||
| 020 | _a9773501361 | ||
| 040 | _cfsecg | ||
| 041 | _aara | ||
| 082 | _a658.314 | ||
| 100 |
_aداود، معمر _eمؤلف |
||
| 245 | 0 |
_aمنظمات الأعمال الحوافز و المكافآت : _bبحث علمي في الجوانب الاجتماعية و النفسية و القانونية / _c معمر داود |
|
| 260 |
_aالقاهرة: _bدار الكتاب الحديث, _c2006 |
||
| 300 |
_a394 صفحة؛ _bإيضاحات ؛ _c24 سم |
||
| 504 | _aبيبليوغرافيا: ص ص.363-376 الملاحق ص.377 | ||
| 520 | _aيضم الحوافز مفاهيم أنواع ونظريات، نظام وطرق تحديد الأجور التشجيعية، الحاجة والتحفيز والمكافأة في المنظمات، علاقة الحوافز والمكافآت بالمجتمع الصناعي والتنظيم، الحوافز والمكافآت في العمل الصناعي بالعالم، الحوافز والمكافآت في النظام الصناعي بالجزائر | ||
| 653 | _aإدارة الأعمال | ||
| 653 | _aالأجور | ||
| 653 | _aحوافز الانتاج | ||
| 653 | _aحوافز و مكافآت | ||
| 942 | _cكتاب | ||
| 999 |
_c44870 _d44870 |
||